<?xml version="1.0" encoding="UTF-8"?>
<record
    xmlns:xsi="http://www.w3.org/2001/XMLSchema-instance"
    xsi:schemaLocation="http://www.loc.gov/MARC21/slim http://www.loc.gov/standards/marcxml/schema/MARC21slim.xsd"
    xmlns="http://www.loc.gov/MARC21/slim">

  <leader>02788nam a22001817a 4500</leader>
  <controlfield tag="008">120709t        xxu||||| |||| 00| 0 eng d</controlfield>
  <datafield tag="020" ind1=" " ind2=" ">
    <subfield code="a">0534351840</subfield>
  </datafield>
  <datafield tag="050" ind1=" " ind2=" ">
    <subfield code="a">QA276.C41</subfield>
  </datafield>
  <datafield tag="100" ind1=" " ind2=" ">
    <subfield code="a">Cheney, Ward.</subfield>
  </datafield>
  <datafield tag="245" ind1=" " ind2=" ">
    <subfield code="a">Numerical mathematics and computing. /</subfield>
    <subfield code="c">Ward Cheney and David Kincaid</subfield>
  </datafield>
  <datafield tag="250" ind1=" " ind2=" ">
    <subfield code="a">4 ed.</subfield>
  </datafield>
  <datafield tag="260" ind1=" " ind2=" ">
    <subfield code="a">Bonn:</subfield>
    <subfield code="b">Brooks/Cole publishing,</subfield>
    <subfield code="c">1999.</subfield>
  </datafield>
  <datafield tag="300" ind1=" " ind2=" ">
    <subfield code="a">xv,671 p.:</subfield>
    <subfield code="b">ill.;</subfield>
    <subfield code="c">24cm.</subfield>
  </datafield>
  <datafield tag="500" ind1=" " ind2=" ">
    <subfield code="a">Includes bibliographical references and index.</subfield>
  </datafield>
  <datafield tag="505" ind1=" " ind2=" ">
    <subfield code="a">Contents: Introduction: Preliminary remarks -- Programming suggestions -- Review of Taylor series -- Number representation and errors: Representation of numbers in diferent bases -- Floating-point representation -- Loss of significance -- Locating roots of equations: Bisection method -- Newton's method -- Secant method -- Interpolation and numerical differentiation: Preliminary remarks -- Polynomial interpolation -- Errors in polynomial interpolation -- Estimating derivatives and Richardson extrapolation -- Numerical integration -- Definite integral -- Trapezoid rule -- Romberg algorithm -- An Adaptive Simpson's scheme -- Gaussian quadrature formulas -- Systems of linear equations: Naive gaussian elimination -- Gaussian elimination with scaled partial pivoting -- Tridiagonal and banded systems -- LU factorization -- Iterative solution of linear equations -- Approximation by spline functions: Introduction -- First-degree and second-degree splines -- Natural cubic splines -- B splines -- Interpolation and approximation B splines -- Ordinary differential equations: Initial-value problem: Analytical vs. numerical solution -- Taylor series methods -- Runge-Kutta methods -- Stability and adaptive Runge-Kutta and multi-step methods -- Systems of ordinary differential equations -- Higher-order equations and systems -- Adams-Moulton methods -- Smoothing of data and the method of least squares: The Method of least squares -- Orthogonal systems and chebyshev polynomials -- Other examples of the least-squares principle -- Monte Carlo methods and simulation: Random numbers -- Estimation of areas and volumes by Monte Carlo techniques -- Simulation -- Boundary value problems for ordinary differential equations: Preliminary remaks -- Shooting method -- A Discretization method -- Partial differential equations: Introduction -- Parabolic problems -- Hyperbolic problems -- Elliptic problems -- Minimization of multivariante functions: Inteduction -- One-variable case -- Multivariate case -- Linear programming: Standard forms and duality -- Simple method -- Approximate solution of inconsistent linear systems -- Appendix A: Linear algebra concepts and notation: Elemetary concepts -- Abstract vector spaces -- Appendix B: Mathematical software. </subfield>
  </datafield>
  <datafield tag="700" ind1=" " ind2=" ">
    <subfield code="a">Kincaid, Ward.</subfield>
  </datafield>
  <datafield tag="942" ind1=" " ind2=" ">
    <subfield code="2">lcc</subfield>
    <subfield code="c">BK</subfield>
  </datafield>
  <datafield tag="999" ind1=" " ind2=" ">
    <subfield code="c">1671</subfield>
    <subfield code="d">9171</subfield>
  </datafield>
  <datafield tag="952" ind1=" " ind2=" ">
    <subfield code="0">0</subfield>
    <subfield code="1">0</subfield>
    <subfield code="2">lcc</subfield>
    <subfield code="4">0</subfield>
    <subfield code="7">0</subfield>
    <subfield code="a">WIUC-1</subfield>
    <subfield code="b">WIUC-1</subfield>
    <subfield code="c">GEN</subfield>
    <subfield code="d">2012-07-09</subfield>
    <subfield code="l">0</subfield>
    <subfield code="o">QA276.C41</subfield>
    <subfield code="p">4814/12</subfield>
    <subfield code="r">2012-07-09 00:00:00</subfield>
    <subfield code="t">1</subfield>
    <subfield code="w">2012-07-09</subfield>
    <subfield code="y">BK</subfield>
  </datafield>
  <datafield tag="952" ind1=" " ind2=" ">
    <subfield code="0">0</subfield>
    <subfield code="1">0</subfield>
    <subfield code="2">lcc</subfield>
    <subfield code="4">0</subfield>
    <subfield code="7">0</subfield>
    <subfield code="a">WIUC-1</subfield>
    <subfield code="b">WIUC-1</subfield>
    <subfield code="c">GEN</subfield>
    <subfield code="d">2012-07-09</subfield>
    <subfield code="l">0</subfield>
    <subfield code="o">QA276.C411</subfield>
    <subfield code="p">4815/12</subfield>
    <subfield code="r">2012-07-09 00:00:00</subfield>
    <subfield code="t">2</subfield>
    <subfield code="w">2012-07-09</subfield>
    <subfield code="y">BK</subfield>
  </datafield>
  <datafield tag="952" ind1=" " ind2=" ">
    <subfield code="0">0</subfield>
    <subfield code="1">0</subfield>
    <subfield code="2">lcc</subfield>
    <subfield code="4">0</subfield>
    <subfield code="7">0</subfield>
    <subfield code="a">WIUC-1</subfield>
    <subfield code="b">WIUC-1</subfield>
    <subfield code="c">GEN</subfield>
    <subfield code="d">2012-07-09</subfield>
    <subfield code="l">0</subfield>
    <subfield code="o">QA276.C412</subfield>
    <subfield code="p">4816/12</subfield>
    <subfield code="r">2012-07-09 00:00:00</subfield>
    <subfield code="t">3</subfield>
    <subfield code="w">2012-07-09</subfield>
    <subfield code="y">BK</subfield>
  </datafield>
</record>
